Southville International School and Colleges
Your cart is empty.
  • Cart
  • Lists
    Public lists Eva Luna New books Lux_list list_1
    Your lists Log in to create your own lists
  • Log in to your account
  • Your cookies
  • Search history
Southville International School and Colleges
  • Advanced search
  • Recent comments
  • Most popular
  • Libraries

Log in to your account

Log in with GOOGLE


If you do not have an external account, but do have a local account, you can still log in:

  1. Home
  2. MARC view: Guinness world records :
Normal view MARC view ISBD view

Guinness world records : (Record no. 41425)

[ view plain ]
MARC details
000 -LEADER
fixed length control field 00592nam a2200229Ia 4500
003 - CONTROL NUMBER IDENTIFIER
control field OSt
005 - DATE AND TIME OF LATEST TRANSACTION
control field 20140319122854.0
008 - FIXED-LENGTH DATA ELEMENTS--GENERAL INFORMATION
fixed length control field 140130s9999 xx 000 0 und d
020 ## - INTERNATIONAL STANDARD BOOK NUMBER
International Standard Book Number 0439715652
050 ## - LIBRARY OF CONGRESS CALL NUMBER
Classification number AG 243
Item number .C355 2005
100 ## - MAIN ENTRY--PERSONAL NAME
Personal name Calkhoven, Laurie
245 ## - TITLE STATEMENT
Statement of responsibility, etc Laurie Calkhoven.
Title Guinness world records :
Remainder of title fearless feats /
260 ## - PUBLICATION, DISTRIBUTION, ETC. (IMPRINT)
Name of publisher, distributor, etc Scholastic,
Place of publication, distribution, etc 2005.
Date of publication, distribution, etc New York :
300 ## - PHYSICAL DESCRIPTION
Extent 88 p. :
Other physical details ill. ;
Dimensions 18 cm.
440 ## - SERIES STATEMENT/ADDED ENTRY--TITLE
Volume number/sequential designation 1
521 ## - TARGET AUDIENCE NOTE
Target audience note
526 ## - STUDY PROGRAM INFORMATION NOTE
Reading level 1100
650 ## - SUBJECT ADDED ENTRY--TOPICAL TERM
Topical term or geographic name as entry element Curiosities and wonders.
650 ## - SUBJECT ADDED ENTRY--TOPICAL TERM
Topical term or geographic name as entry element World records.
942 ## - ADDED ENTRY ELEMENTS (KOHA)
Koha item type Books
Source of classification or shelving scheme Library of Congress Classification
Holdings
Withdrawn status Lost status Source of classification or shelving scheme Damaged status Home library Current library Shelving location Date acquired Total Checkouts Full call number Barcode Date last seen Copy number Price effective from Koha item type
    Library of Congress Classification   Munich Library Munich Library Scholastic Reading Center Section 01/30/2014   AG 243 .C355 2005 MS3191 01/30/2014 1 01/30/2014 Books
    Library of Congress Classification   Munich Library Munich Library Scholastic Reading Center Section 03/19/2014   AG 243 .C355 2005 MS0231 03/19/2014 2 03/19/2014 Books

Guinness world records :

APA

Calkhoven L., .Guinness world records. 2005: Scholastic.

Chicago

Calkhoven Laurie, .Guinness world records. 2005: Scholastic.

Harvard

Calkhoven L., .Guinness world records. 2005: Scholastic.

MLA

Calkhoven Laurie, .2005: Scholastic. .

  • Place hold
  • Print
  • Cite
  • Add to your cart (remove)
  • Save record
    BIBTEX Dublin Core MARCXML MARC (non-Unicode/MARC-8) MARC (Unicode/UTF-8) MARC (Unicode/UTF-8, Standard) MODS (XML) RIS
  • More searches
    Search for this title in:
    Other Libraries (WorldCat) Other Databases (Google Scholar) Online Stores (Bookfinder.com) Open Library (openlibrary.org)

Exporting to Dublin Core...

SOUTHVILLE LIBRARY

Southville International School and Colleges Library

1281 Tropical Ave. Cor. Luxembourg St., BF Homes International, Las Pinas City

Tel. No. 8256374 / 252358 Loc. 117/146

Powered by Koha